[Event "Landesklasse Ost 2024/25"]
[Site "?"]
[Date "2025.03.30"]
[Round "7.3"]
[White "Möller, Frank"]
[Black "Schlierf, Andre"]
[Result "1/2-1/2"]
[WhiteElo "1856"]
[BlackElo "1742"]
[PlyCount "100"]
[EventDate "2024.09.15"]
[EventType "team-tourn"]
[EventRounds "9"]
[WhiteTeam "SV Thuringia Königsee"]
[BlackTeam "Schachklub Weida"]

{[%evp 0,100,26,-20,38,38,44,57,68,53,62,39,55,49,66,48,70,65,87,52,124,93,128,142,148,139,140,141,127,165,165,76,148,114,117,120,139,126,148,126,132,98,104,95,115,92,100,88,81,76,101,89,75,89,124,102,102,53,79,53,53,18,37,4,0,-2,-5,-14,10,7,45,21,37,8,25,20,44,27,34,16,12,1,0,0,0,0,0,-15,58,59,61,0,28,30,33,33,39,36,39,101,96,23,101]} 1. c4 f5 2. Nc3 Nf6 3. d4 g6 4. Bg5 Bg7 5. Nf3 d6 6. e3 c6 7. Be2 Qc7 8. O-O O-O 9. Rc1 a5 10. c5 Ne4 11. Bf4 Nxc3 12. bxc3 Qd8 13. cxd6 exd6 14. Qb3+ Kh8 15. Ng5 d5 16. c4 h6 17. Nf3 dxc4 18. Bxc4 g5 19. Be5 Nd7 20. Bxg7+ Kxg7 21. d5 a4 22. Qc3+ Qf6 23. Nd4 Ne5 24. dxc6 Nxc6 25. Bd5 Nxd4 26. exd4 Be6 27. Bxe6 Qxe6 28. Qb2 Rf7 29. Rfe1 Qf6 30. Qb4 Rd8 31. Qxa4 Rxd4 32. Qe8 Rd8 33. Qb5 Qa6 34. Qb3 Qd6 35. g3 Qd5 36. Qa4 b5 37. Qb4 Qxa2 38. Qxb5 Qd5 39. Rc5 Qd3 40. Qxd3 Rxd3 41. Re6 Rf6 42. Rc7+ Kg6 43. Ree7 g4 44. Rg7+ Kh5 45. h3 Rd5 46. Kg2 Rg6 47. Rgf7 gxh3+ 48. Kxh3 Rg4 49. f3 Rg6 50. Rc4 Kg5 1/2-1/2

[Event "Landesklasse Ost 2024/25"]
[Site "?"]
[Date "2025.03.30"]
[Round "7.4"]
[White "Schumann, Robert"]
[Black "Häusler, Willi"]
[Result "1-0"]
[WhiteElo "1852"]
[BlackElo "1710"]
[PlyCount "29"]
[EventDate "2024.09.15"]
[EventType "team-tourn"]
[EventRounds "9"]
[WhiteTeam "Schachklub Weida"]
[BlackTeam "SV Thuringia Königsee"]

{[%evp 0,29,26,26,51,18,37,18,18,2,11,15,30,0,26,30,37,-65,-55,-77,-4,-53,-44,0,0,0,460,526,625,642,1064,1203]} 1. d4 a6 2. c4 e6 3. Nc3 d5 4. c5 Nc6 5. Nf3 Nge7 6. Bf4 Ng6 7. Bg3 e5 8. dxe5 d4 9. Na4 Bf5 10. Qb3 Rb8 11. e3 b5 12. cxb6 Nb4 13. Nxd4 Be4 14. e6 Bd6 15. exf7+ 1-0

[Event "Landesklasse Ost 2024/25"]
[Site "?"]
[Date "2025.03.30"]
[Round "7.6"]
[White "Heine, Mario"]
[Black "Quandt, Friedbert"]
[Result "1-0"]
[WhiteElo "1717"]
[BlackElo "1655"]
[PlyCount "103"]
[EventDate "2024.09.15"]
[EventType "team-tourn"]
[EventRounds "9"]
[WhiteTeam "Schachklub Weida"]
[BlackTeam "SV Thuringia Königsee"]

{[%evp 0,103,26,17,41,47,83,68,62,51,66,33,20,25,55,30,45,3,27,11,11,-6,3,0,-8,-11,-25,-37,-43,-42,-40,-42,-42,-52,28,3,34,21,15,18,10,-21,49,69,71,16,64,52,52,54,45,53,77,67,130,125,147,134,143,147,141,144,148,150,166,154,154,161,154,161,154,149,155,134,151,151,153,152,142,135,131,141,158,160,180,173,240,259,262,277,284,300,300,292,313,318,319,319,337,304,319,303,440,489,942,1026]} 1. e4 c5 2. Nc3 d6 3. Nf3 a6 4. a4 Nf6 5. d4 cxd4 6. Nxd4 e6 7. Bg5 Be7 8. Bd3 Nbd7 9. Nf3 Qc7 10. O-O O-O 11. Re1 b6 12. Qd2 Bb7 13. Rab1 Rfc8 14. h3 Nc5 15. Rbc1 Qd8 16. Qe3 e5 17. Red1 Qe8 18. Ra1 Bc6 19. Bxf6 Bxf6 20. b3 Bd8 21. Bc4 Qe7 22. Nd5 Bxd5 23. Bxd5 Ra7 24. Rd2 a5 25. Rad1 h6 26. g3 Bc7 27. Nh4 Rd8 28. Qf3 Ne6 29. Nf5 Qf6 30. h4 Kh7 31. Kg2 g6 32. Bxe6 Qxe6 33. Ne3 Rf8 34. Nc4 Rd8 35. Qe3 Rb7 36. Qc3 f6 37. Ne3 Bb8 38. Qc6 Qc8 39. Qxc8 Rxc8 40. Nc4 Rc6 41. Nxd6 Bxd6 42. Rxd6 Rxc2 43. Rxf6 Rc3 44. Rdd6 Rxb3 45. Rxg6 b5 46. axb5 R3xb5 47. Rxh6+ Kg7 48. Rdg6+ Kf7 49. Ra6 Kg7 50. Rhg6+ Kf7 51. h5 Rb4 52. h6 1-0

[Event "Landesklasse Ost 2024/25"]
[Site "?"]
[Date "2025.03.30"]
[Round "7.7"]
[White "Margraf, Moritz"]
[Black "Conrad, Karl"]
[Result "0-1"]
[WhiteElo "1556"]
[BlackElo "1774"]
[PlyCount "150"]
[EventDate "2024.09.15"]
[EventType "team-tourn"]
[EventRounds "9"]
[WhiteTeam "SV Thuringia Königsee"]
[BlackTeam "Schachklub Weida"]

{[%evp 0,150,25,28,28,31,20,26,31,2,16,0,46,31,22,18,13,-17,-16,-30,-2,-44,-44,-95,-29,-30,-13,13,13,3,7,-7,1,0,10,3,5,5,7,-42,-36,-32,-35,-31,-45,-47,-50,-51,-43,-36,-29,-9,-19,0,0,-16,-23,-23,-59,-74,-77,-68,-69,-94,-97,-85,-73,-79,-79,-89,-74,-71,-70,-72,-46,-44,-46,-46,-46,-71,-78,-96,-99,-104,-97,-91,-91,-93,-87,-89,-79,-81,-75,-75,-79,-87,-87,-81,-58,-55,-70,-70,-19,-24,-39,-93,-88,-100,-88,-108,-107,-99,-90,-156,-157,-150,-150,-150,-150,-161,-163,-179,-179,-179,-155,-172,-135,-135,-128,-107,-74,-100,-117,-88,-85,-278,-322,-527,-527,-527,-537,-537,-545,-547,-547,-547,-547,-557,-557,-1012,-29976,-29977,-29978]} 1. d4 Nf6 2. Nc3 d5 3. Bf4 Bf5 4. Nf3 e6 5. a3 c5 6. e3 a6 7. Be2 Nc6 8. Qd2 h6 9. Ne5 Bd6 10. f3 Qc7 11. g4 Bh7 12. Nxc6 Qxc6 13. Bxd6 Qxd6 14. dxc5 Qxc5 15. h4 O-O-O 16. O-O-O Nd7 17. Qd4 Qxd4 18. Rxd4 Ne5 19. g5 Bg6 20. f4 Nc6 21. Rdd1 d4 22. exd4 Rxd4 23. Rxd4 Nxd4 24. Bd1 hxg5 25. fxg5 Nf5 26. h5 Ng3 27. Rh3 Nxh5 28. Bf3 Rh7 29. Be4 f5 30. gxf6 Nxf6 31. Re3 Nxe4 32. Nxe4 Bxe4 33. Rxe4 Kd7 34. Kd2 g6 35. Rg4 Rg7 36. Ke3 Ke7 37. Ke4 Kf6 38. Rf4+ Ke7 39. Ke5 Rf7 40. Rg4 Rf5+ 41. Ke4 Kf6 42. Rh4 Re5+ 43. Kf3 Rh5 44. Rc4 Rh7 45. Rf4+ Ke5 46. Re4+ Kf6 47. Rf4+ Kg5 48. Rg4+ Kh5 49. Re4 Rf7+ 50. Kg3 Rf6 51. Rh4+ Kg5 52. Rh7 b5 53. Rc7 e5 54. Rc5 Kf5 55. Kf3 g5 56. c4 bxc4 57. Rxc4 Rh6 58. Kg3 Rd6 59. Rc3 g4 60. b4 Rh6 61. Kg2 Kf4 62. a4 e4 63. b5 axb5 64. axb5 Rb6 65. Rb3 e3 66. Rb4+ Kf5 67. Kf1 g3 68. Kg2 e2 69. Rb1 Kf4 70. Re1 Ke3 71. Kxg3 Rxb5 72. Ra1 Rg5+ 73. Kh4 Rg8 74. Ra3+ Kf2 75. Ra2 Kf1 0-1

[Event "Landesklasse Ost 2024/25"]
[Site "?"]
[Date "2025.03.30"]
[Round "7.8"]
[White "Lehmann, Volkhard"]
[Black "Jahn, Rene"]
[Result "1/2-1/2"]
[WhiteElo "1563"]
[BlackElo "1179"]
[PlyCount "72"]
[EventDate "2024.09.15"]
[EventType "team-tourn"]
[EventRounds "9"]
[WhiteTeam "Schachklub Weida"]
[BlackTeam "SV Thuringia Königsee"]

{[%evp 0,72,19,31,43,30,27,27,30,12,28,14,17,4,18,18,1,28,41,11,7,13,49,45,45,42,56,32,46,22,100,100,96,74,77,46,62,56,44,36,20,20,20,2,20,23,112,86,88,80,80,52,71,82,64,47,28,50,61,78,78,66,83,83,98,93,140,140,175,2,6,0,24,17,8]} 1. d4 d5 2. Bf4 e6 3. e3 Nf6 4. c3 Bd6 5. Bg3 O-O 6. Nd2 Re8 7. Ngf3 Nc6 8. Ne5 a6 9. Ndf3 Ne4 10. Bd3 f6 11. Nxc6 bxc6 12. Qc2 f5 13. Ne5 Bd7 14. Qe2 Bxe5 15. Bxe5 a5 16. O-O Ng5 17. a4 Nf7 18. Bg3 e5 19. dxe5 Nxe5 20. Bxe5 Rxe5 21. Qc2 g6 22. c4 dxc4 23. Bxc4+ Be6 24. Rfd1 Qe8 25. Qc3 Bxc4 26. Qxc4+ Qe6 27. Qxe6+ Rxe6 28. Rd7 Ra7 29. Rad1 Rb7 30. R1d2 Re4 31. g3 Rxa4 32. Re7 Rb8 33. Rxc7 Rab4 34. Rxc6 Rxb2 35. Rd4 R2b4 36. Rd7 R4b7 1/2-1/2

[Event "Landesklasse West 2024/25"]
[Site "?"]
[Date "2025.03.30"]
[Round "7.1"]
[White "Kurze, Christoph"]
[Black "Tuhacek, Christian"]
[Result "0-1"]
[WhiteElo "1954"]
[BlackElo "1878"]
[PlyCount "90"]
[EventDate "2024.09.15"]
[EventType "team-tourn"]
[EventRounds "9"]
[WhiteTeam "SV Ammern"]
[BlackTeam "VfB 1919 Vacha"]

{[%evp 0,90,19,38,40,41,66,77,66,31,42,26,80,61,72,48,53,57,63,59,58,45,38,38,38,29,39,47,142,45,108,8,26,32,16,-11,46,42,39,-28,136,152,192,216,199,176,260,231,229,227,220,220,220,-226,-236,-206,-214,-232,-124,-155,-139,-139,-135,-135,-113,-113,-120,-120,-31,-18,-24,-17,-20,-112,-123,-110,-135,-116,-116,-119,-87,-87,-103,-103,-136,-136,-136,-168,-271,-149,-332,-459,-459]} 1. e4 c5 2. Nf3 d6 3. d4 cxd4 4. Nxd4 Nf6 5. Nc3 a6 6. Be3 e6 7. f3 Be7 8. Qd2 Qc7 9. g4 Nc6 10. O-O-O b5 11. Kb1 Bb7 12. g5 Nd7 13. h4 Nb6 14. h5 b4 15. Nce2 Nc4 16. Qc1 Nxe3 17. Qxe3 Ne5 18. Nc1 Rc8 19. f4 Ng4 20. Qe2 Bxe4 21. Qxe4 Nf2 22. Qe1 Nxh1 23. Bxa6 O-O 24. Bxc8 Rxc8 25. Qxh1 e5 26. Nf5 Qxc2+ 27. Ka1 Qxf5 28. g6 hxg6 29. hxg6 Qxg6 30. Nd3 exf4 31. Nxf4 Qc2 32. Nd5 Bg5 33. Nxb4 Qxd1+ 34. Qxd1 Rc1+ 35. Qxc1 Bxc1 36. Nd3 Be3 37. Kb1 g5 38. Kc2 f5 39. Kd1 f4 40. Ke2 g4 41. b4 Kf7 42. b5 Ke6 43. b6 Kf5 44. b7 Ba7 45. Nb4 f3+ 0-1

[Event "Landesklasse West 2024/25"]
[Site "?"]
[Date "2025.03.30"]
[Round "7.2"]
[White "Meyer, Thomas"]
[Black "Thon, Philipp"]
[Result "0-1"]
[WhiteElo "1908"]
[BlackElo "1956"]
[PlyCount "108"]
[EventDate "2024.09.15"]
[EventType "team-tourn"]
[EventRounds "9"]
[WhiteTeam "VfB 1919 Vacha"]
[BlackTeam "SV Ammern"]

{[%evp 0,108,28,-27,-9,-20,16,7,25,26,21,-27,-21,-3,-5,0,0,6,6,31,38,32,77,-57,-10,-130,-87,-119,-106,-87,-106,-78,-23,-304,-293,-280,-262,-326,-326,-326,-260,-296,-315,-318,-310,-310,-296,-317,-289,-292,-297,-297,-283,-301,-265,-294,-292,-280,-265,-266,-269,-329,-351,-359,-353,-354,-349,-349,-339,-349,-302,-397,-361,-412,-294,-294,-284,-350,-373,-412,-386,-404,-403,-529,-533,-538,-500,-548,-459,-502,-490,-455,-521,-566,-652,-650,-650,-675,-808,-794,-715,-782,-678,-2031,-2316,-29991,-29992,-29993,-29994,-29997,-29998]} 1. c4 Nf6 2. Nc3 d6 3. g3 g6 4. Bg2 Bg7 5. e4 e5 6. d3 O-O 7. Nge2 c6 8. O-O Be6 9. h3 Qd7 10. Kh2 d5 11. c5 Na6 12. Na4 Rad8 13. Bg5 h6 14. Be3 Qe7 15. Qc1 Kh7 16. a3 d4 17. Bd2 Bb3 18. Qb1 Nc7 19. f4 Nfe8 20. f5 Bxa4 21. b3 Bb5 22. g4 Bf6 23. Ng3 Ng7 24. a4 Ba6 25. b4 Bg5 26. Ra2 Rb8 27. Rf3 Qd8 28. Qb3 Bxd2 29. Rxd2 g5 30. f6 Nge6 31. Rf5 Nf4 32. Rxe5 Qxf6 33. Rf5 Qe6 34. Qd1 b6 35. Nh5 Nxh5 36. gxh5 Kg7 37. h4 f6 38. Bh3 Qe7 39. Qg1 Bc8 40. hxg5 hxg5 41. Rdf2 Bxf5 42. Rxf5 Ne6 43. e5 Kh6 44. Qg4 bxc5 45. Qe4 Qg7 46. Qxc6 Rb6 47. Qe4 cxb4 48. exf6 Rxf6 49. Re5 Qf7 50. Qa8 Kg7 51. Bxe6 Rf2+ 52. Kg1 Rf1+ 53. Kh2 Qf4+ 54. Kg2 Rf2+ 0-1

[Event "Landesklasse West 2024/25"]
[Site "?"]
[Date "2025.03.30"]
[Round "7.3"]
[White "Salaske, Peter"]
[Black "Korn, Kevin"]
[Result "1-0"]
[WhiteElo "1833"]
[BlackElo "1570"]
[PlyCount "57"]
[EventDate "2024.09.15"]
[EventType "team-tourn"]
[EventRounds "9"]
[WhiteTeam "SV Ammern"]
[BlackTeam "VfB 1919 Vacha"]

{[%evp 0,57,30,29,64,55,46,34,34,26,51,-30,13,22,29,34,45,20,57,63,57,15,29,-11,-14,-7,19,13,50,-9,-9,-5,3,-30,20,23,14,3,36,16,34,28,42,48,113,29,98,100,173,162,181,169,553,554,552,630,940,350,1002,1127]} 1. d4 f5 2. Bg5 h6 3. Bh4 g5 4. Bg3 Nf6 5. f3 Bg7 6. Nc3 f4 7. Bf2 d6 8. e4 fxe3 9. Bxe3 Nc6 10. a3 Bf5 11. Bb5 a6 12. Bd3 Qd7 13. Nge2 O-O-O 14. Ng3 Bxd3 15. Qxd3 e6 16. b4 e5 17. d5 Nd4 18. O-O Qf7 19. Nf5 Nxf5 20. Qxf5+ Rd7 21. Qd3 Re7 22. Rad1 Nd7 23. Ne4 Rd8 24. b5 a5 25. Qc3 Nc5 26. Bxc5 dxc5 27. Qxa5 Kb8 28. c4 Qf4 29. d6 1-0

[Event "Landesklasse West 2024/25"]
[Site "?"]
[Date "2025.03.30"]
[Round "7.4"]
[White "Schubert, Ralf"]
[Black "Hensel, Thomas"]
[Result "1/2-1/2"]
[WhiteElo "1400"]
[BlackElo "1612"]
[PlyCount "69"]
[EventDate "2024.09.15"]
[EventType "team-tourn"]
[EventRounds "9"]
[WhiteTeam "VfB 1919 Vacha"]
[BlackTeam "SV Ammern"]

{[%evp 0,69,29,32,41,50,47,52,83,62,60,7,27,16,82,34,58,22,38,18,18,11,48,-28,-30,-30,-18,-36,-6,-36,-4,-13,26,-12,-18,-18,-11,-36,-34,-23,-9,-203,-151,-138,-137,-301,-374,-423,-449,-401,-339,-370,-353,-587,-313,-314,-336,-330,-324,-348,-210,-220,-215,-223,-218,-223,-218,-231,-221,-240,-240,-240]} 1. e4 c5 2. Nf3 Nc6 3. Nc3 a6 4. Bc4 e6 5. a3 b5 6. Ba2 b4 7. Ne2 Bb7 8. d3 Be7 9. Bf4 Nf6 10. O-O O-O 11. Ne5 Nxe5 12. Bxe5 d6 13. Bf4 Rc8 14. Ng3 Qc7 15. Re1 Qc6 16. f3 d5 17. c4 bxc3 18. bxc3 c4 19. d4 Bxa3 20. Bxc4 Bb2 21. Rb1 Bxc3 22. Re3 Qxc4 23. Rxb7 Bxd4 24. e5 Ne8 25. Rb1 Ba7 26. Kh1 Bxe3 27. Bxe3 Qc2 28. Qe1 Qd3 29. Bd2 Rc2 30. Bb4 g6 31. Bxf8 Kxf8 32. Rd1 Qb3 33. Rb1 Qa2 34. Ra1 Qb2 35. Rb1 1/2-1/2

[Event "Landesklasse West 2024/25"]
[Site "?"]
[Date "2025.03.30"]
[Round "7.5"]
[White "Schorch, Rüdiger"]
[Black "Bock, Hans-Juergen"]
[Result "1-0"]
[WhiteElo "1919"]
[BlackElo "1372"]
[PlyCount "55"]
[EventDate "2024.09.15"]
[EventType "team-tourn"]
[EventRounds "9"]
[WhiteTeam "SV Ammern"]
[BlackTeam "VfB 1919 Vacha"]

{[%evp 0,55,29,-29,19,11,2,10,47,39,48,18,29,38,24,25,44,57,53,56,56,50,52,55,67,69,68,61,62,63,123,165,132,96,114,127,112,105,138,153,170,170,170,80,186,156,178,174,184,174,196,166,196,198,374,377,562,537]} 1. c4 c5 2. Nf3 Nf6 3. g3 b6 4. Bg2 Bb7 5. O-O e6 6. Nc3 Be7 7. d4 O-O 8. d5 exd5 9. cxd5 d6 10. e4 Nbd7 11. Re1 Ne5 12. Nxe5 dxe5 13. f4 Bd6 14. Nb5 a6 15. Nxd6 Qxd6 16. Qb3 b5 17. Qc3 Nd7 18. Be3 f6 19. Bh3 c4 20. Be6+ Kh8 21. Rac1 Rac8 22. Bxd7 Qxd7 23. fxe5 fxe5 24. Qxe5 Rce8 25. Qd4 Rf3 26. Rf1 Rxe3 27. Qxe3 Bxd5 28. Rcd1 1-0

[Event "Landesklasse West 2024/25"]
[Site "?"]
[Date "2025.03.30"]
[Round "7.6"]
[White "Stepper, Matthias"]
[Black "Siegmund, Fabian"]
[Result "1/2-1/2"]
[WhiteElo "1575"]
[BlackElo "1329"]
[PlyCount "73"]
[EventDate "2024.09.15"]
[EventType "team-tourn"]
[EventRounds "9"]
[WhiteTeam "VfB 1919 Vacha"]
[BlackTeam "SV Ammern"]

{[%evp 0,73,29,29,15,-9,-5,-11,71,2,111,-10,1,-28,-8,-8,60,0,90,68,95,95,112,-6,96,-14,97,106,160,123,179,179,203,171,190,196,157,95,79,101,113,79,121,-5,96,83,87,45,28,-76,-63,-154,-146,-154,-110,-151,-164,-225,-237,-233,-241,-255,-228,-278,-335,-339,-347,-351,-256,-276,-257,-364,-232,-238,-210,-250]} 1. d4 d5 2. c4 Nf6 3. Nc3 Nc6 4. Nf3 Bg4 5. e3 e6 6. Qb3 Bb4 7. Ne5 Bxc3+ 8. bxc3 Rb8 9. Nxg4 Nxg4 10. cxd5 exd5 11. Ba3 a6 12. c4 Nf6 13. Rc1 Qd7 14. Be2 dxc4 15. Qxc4 Rc8 16. O-O Ne7 17. Bf3 c6 18. Bxe7 Qxe7 19. d5 c5 20. Qa4+ Qd7 21. Qxd7+ Nxd7 22. d6 Rb8 23. Rb1 b5 24. Bc6 Rb6 25. Bxd7+ Kxd7 26. Rfd1 Rd8 27. a4 Kc6 28. e4 Rxd6 29. Rxd6+ Kxd6 30. axb5 axb5 31. f4 c4 32. Kf2 Kc5 33. Ke3 Rd6 34. e5 Rd7 35. g4 g6 36. Ra1 h5 37. h3 1/2-1/2

[Event "Landesklasse West 2024/25"]
[Site "?"]
[Date "2025.03.30"]
[Round "7.7"]
[White "Kahlo, Jürgen"]
[Black "Medda, Daniel"]
[Result "1/2-1/2"]
[WhiteElo "1363"]
[BlackElo "1333"]
[PlyCount "75"]
[EventDate "2024.09.15"]
[EventType "team-tourn"]
[EventRounds "9"]
[WhiteTeam "SV Ammern"]
[BlackTeam "VfB 1919 Vacha"]

{[%evp 0,75,30,12,88,80,88,41,86,77,98,62,60,62,84,71,55,32,28,9,13,17,25,-20,-26,0,-17,-67,-73,-71,-80,-76,-60,-54,0,-36,-31,-34,-22,-19,-19,-36,-23,-27,-24,-24,-32,-45,-18,-22,-12,0,8,0,-2,13,16,-12,19,-24,-18,0,0,0,0,0,0,0,0,0,56,33,52,21,23,0,13,0]} 1. e4 g6 2. d4 Bg7 3. Nf3 d6 4. Nc3 e6 5. Be2 Ne7 6. O-O Nd7 7. Be3 b6 8. Bb5 a6 9. Bxd7+ Qxd7 10. Qd2 h6 11. Rad1 Bb7 12. d5 e5 13. a3 f5 14. Qd3 a5 15. a4 fxe4 16. Qxe4 Qf5 17. Qxf5 Nxf5 18. Ne4 Nxe3 19. fxe3 O-O 20. c4 Bc8 21. b3 Bf5 22. Nfd2 g5 23. h3 Bg6 24. g4 Rxf1+ 25. Rxf1 Rf8 26. Rxf8+ Kxf8 27. Kf2 Kf7 28. Kg3 Bf8 29. Nc3 Be7 30. Nb5 Bd8 31. e4 h5 32. Na7 h4+ 33. Kf3 Be7 34. Nc6 Bh7 35. Nb1 Bf6 36. Nc3 Ke8 37. Nb5 Kd7 38. Nba7 1/2-1/2

[Event "Landesklasse West 2024/25"]
[Site "?"]
[Date "2025.03.30"]
[Round "7.1"]
[White "Königsmann, Marcus"]
[Black "Minor, Viatcheslav"]
[Result "1/2-1/2"]
[WhiteElo "1921"]
[BlackElo "1981"]
[PlyCount "31"]
[EventDate "2024.09.15"]
[EventType "team-tourn"]
[EventRounds "9"]
[WhiteTeam "SC 1951 Nordhausen"]
[BlackTeam "SV Wartburgstadt Eisenach"]

1. e4 e6 2. d4 d5 3. e5 c5 4. c3 Qb6 5. Nf3 Bd7 6. Bd3 cxd4 7. Nxd4 Nc6 8. Nf3 Nge7 9. O-O Ng6 10. Qe2 a5 11. h4 Bc5 12. h5 Nge7 13. Nbd2 a4 14. b4 axb3 15. Nxb3 Ba3 16. Rb1 1/2-1/2

[Event "Landesklasse West 2024/25"]
[Site "?"]
[Date "2025.03.30"]
[Round "7.2"]
[White "Mutka, Oleksandr"]
[Black "Kuntze, Andreas"]
[Result "0-1"]
[WhiteElo "1791"]
[BlackElo "1997"]
[PlyCount "110"]
[EventDate "2024.09.15"]
[EventType "team-tourn"]
[EventRounds "9"]
[WhiteTeam "SV Wartburgstadt Eisenach"]
[BlackTeam "SC 1951 Nordhausen"]

1. f4 g6 2. Nf3 Bg7 3. g3 d6 4. Bg2 e5 5. d3 exf4 6. gxf4 d5 7. Nc3 d4 8. Ne4 Ne7 9. Ng3 Nbc6 10. Bd2 Nd5 11. Qc1 O-O 12. O-O Re8 13. c3 Rb8 14. cxd4 Nxd4 15. e4 Ne7 16. Bc3 Nec6 17. Kh1 h5 18. f5 h4 19. fxg6 fxg6 20. Nxd4 hxg3 21. Ne2 Qh4 22. Nxg3 Ne5 23. Qd2 Be6 24. d4 Bh6 25. Qc2 Ng4 26. Bf3 Ne3 27. Qf2 Nxf1 28. Rxf1 Rf8 29. d5 Bg4 30. Qd4 Bxf3+ 31. Rxf3 Rxf3 32. Qh8+ Kf7 33. Qh7+ Ke8 34. Qxc7 Rd8 35. Qxb7 Rd7 36. Qc8+ Qd8 37. Qc6 Qb6 38. Qc8+ Qd8 39. Qc6 Qb6 40. Qc8+ Rd8 41. Qg4 Rf7 42. Be5 Bg7 43. Bf4 Qf6 44. Ne2 Rdd7 45. Qe6+ Qxe6 46. dxe6 Rd1+ 47. Kg2 Rxf4 48. Nxf4 g5 49. Nh3 Bf6 50. e5 Bxe5 51. Nxg5 Rd2+ 52. Kf3 Bxh2 53. Ke4 Rxb2 54. a3 Ke7 55. Kd5 Rb5+ 0-1

[Event "Landesklasse West 2024/25"]
[Site "?"]
[Date "2025.03.30"]
[Round "7.3"]
[White "Wabersich, Titus"]
[Black "Neef, Michael"]
[Result "1-0"]
[WhiteElo "1599"]
[BlackElo "1788"]
[PlyCount "113"]
[EventDate "2024.09.15"]
[EventType "team-tourn"]
[EventRounds "9"]
[WhiteTeam "SC 1951 Nordhausen"]
[BlackTeam "SV Wartburgstadt Eisenach"]

1. d4 d5 2. Nc3 Nf6 3. Bf4 c6 4. e3 e6 5. Bd3 Be7 6. g4 h6 7. Nf3 Qb6 8. Qd2 Qxb2 9. Rb1 Qa3 10. Bc7 Bb4 11. Rb3 Bxc3 12. Rxa3 Bxd2+ 13. Nxd2 O-O 14. Rg1 Nh7 15. h4 f5 16. gxf5 exf5 17. Bxb8 Rxb8 18. Rxa7 Rf7 19. Nf3 Nf6 20. Ne5 Rc7 21. Kd2 Ng4 22. f3 Nxe5 23. dxe5 Re7 24. f4 Be6 25. Rb1 Kf7 26. Ba6 b6 27. Rxe7+ Kxe7 28. Bd3 Bf7 29. Bxf5 g6 30. Bd3 Ke6 31. a4 Be8 32. Rg1 c5 33. Bxg6 Bxa4 34. Bh7 Be8 35. Bg8+ Bf7 36. Rg6+ Ke7 37. Bxf7 Kxf7 38. Rxh6 d4 39. exd4 cxd4 40. Rd6 Rh8 41. Rxd4 Rxh4 42. Ke3 Rh3+ 43. Ke4 Rc3 44. Rd6 Rxc2 45. Rxb6 Rh2 46. Rb7+ Ke8 47. Kf5 Rh5+ 48. Kg6 Rh4 49. f5 Rg4+ 50. Kf6 Re4 51. e6 Kd8 52. Kf7 Kc8 53. Rd7 Re5 54. f6 Rh5 55. Ke7 Rh7+ 56. f7 Rg7 57. Kf6 1-0

[Event "Landesklasse West 2024/25"]
[Site "?"]
[Date "2025.03.30"]
[Round "7.4"]
[White "Arnold, Sebastian"]
[Black "Rohde, Ragnar"]
[Result "1-0"]
[WhiteElo "1678"]
[BlackElo "1596"]
[PlyCount "115"]
[EventDate "2024.09.15"]
[EventType "team-tourn"]
[EventRounds "9"]
[WhiteTeam "SV Wartburgstadt Eisenach"]
[BlackTeam "SC 1951 Nordhausen"]

1. d4 d5 2. Nc3 Nf6 3. Bf4 c6 4. e3 Bf5 5. f3 e6 6. g4 Bg6 7. h4 h5 8. g5 Nfd7 9. Bd3 Bxd3 10. Qxd3 Nb6 11. O-O-O Bd6 12. Nh3 Na6 13. e4 Bxf4+ 14. Nxf4 Qc7 15. Ng2 O-O-O 16. Qe2 Kb8 17. Kb1 Nc4 18. Ne3 Nxe3 19. Qxe3 Qb6 20. Qf4+ Qc7 21. e5 g6 22. Qe3 Rc8 23. Rc1 Qa5 24. a3 b5 25. Na2 Qb6 26. Nb4 Nxb4 27. axb4 a5 28. bxa5 Qxa5 29. Qb3 c5 30. c4 Qb4 31. Qxb4 cxb4 32. c5 Kb7 33. Kc2 Ra8 34. Ra1 Kc6 35. Kb3 Rhb8 36. Kxb4 Ra4+ 37. Kc3 Rc4+ 38. Kd3 Rb4 39. Ra6+ Kc7 40. Ra2 Rb3+ 41. Ke2 Rb7 42. Rd1 Rb4 43. Ke3 Kb8 44. Rd3 Ra4 45. Rda3 Rxa3+ 46. Rxa3 b4 47. Ra4 Kc7 48. Ra6 b3 49. Ra4 Kc6 50. Kd3 Kb5 51. Ra3 Kb4 52. Ra6 Kb5 53. Rb6+ Rxb6 54. cxb6 Kxb6 55. Kc3 Ka5 56. Kxb3 Kb5 57. Kc3 Ka4 58. b4 1-0

[Event "Landesklasse West 2024/25"]
[Site "?"]
[Date "2025.03.30"]
[Round "7.5"]
[White "Gülsdorff, Florian"]
[Black "Graupner, Markus"]
[Result "1/2-1/2"]
[WhiteElo "1572"]
[BlackElo "1597"]
[PlyCount "24"]
[EventDate "2024.09.15"]
[EventType "team-tourn"]
[EventRounds "9"]
[WhiteTeam "SC 1951 Nordhausen"]
[BlackTeam "SV Wartburgstadt Eisenach"]

1. d4 d5 2. Bf4 e6 3. Nf3 Bd6 4. Bxd6 Qxd6 5. c3 Nf6 6. e3 O-O 7. Bd3 Nbd7 8. O-O e5 9. dxe5 Nxe5 10. h3 Rb8 11. Bc2 Nxf3+ 12. Qxf3 Ne4 1/2-1/2

[Event "Landesklasse West 2024/25"]
[Site "?"]
[Date "2025.03.30"]
[Round "7.6"]
[White "Pinnau, Hannes"]
[Black "Onnen, Erik"]
[Result "1-0"]
[WhiteElo "1630"]
[BlackElo "1516"]
[PlyCount "119"]
[EventDate "2024.09.15"]
[EventType "team-tourn"]
[EventRounds "9"]
[WhiteTeam "SV Wartburgstadt Eisenach"]
[BlackTeam "SC 1951 Nordhausen"]

1. d4 Nf6 2. Nc3 d5 3. Bf4 c6 4. Nf3 Bf5 5. e3 Nbd7 6. Ne5 e6 7. g4 Bg6 8. h4 h5 9. Nxg6 fxg6 10. g5 Ne4 11. Nxe4 dxe4 12. Bg2 Qa5+ 13. c3 Qf5 14. Qc2 O-O-O 15. Qxe4 Qf7 16. Bh3 Re8 17. Bg3 Rg8 18. Qf4 Qxf4 19. Bxf4 Nb6 20. O-O-O Kd7 21. Bg2 Ke7 22. Be4 Kf7 23. Bc2 Nd5 24. Bg3 Be7 25. e4 Nb6 26. Rd3 Rgf8 27. Bc7 Bd8 28. Bxd8 Rxd8 29. Rhh3 Kg8 30. Rdf3 Nd7 31. Bb3 Rde8 32. Kd2 Re7 33. Ke3 Rxf3+ 34. Rxf3 Nf8 35. a4 Rf7 36. Bc4 Rxf3+ 37. Kxf3 Kf7 38. Ke3 Ke7 39. b4 Kd6 40. f4 Nd7 41. Bd3 Nf8 42. a5 b5 43. c4 a6 44. cxb5 cxb5 45. Bc2 Ke7 46. Bb3 Kd6 47. Kd3 Nd7 48. e5+ Ke7 49. d5 exd5 50. Bxd5 Nb8 51. Be4 Kf7 52. Kd4 Nd7 53. Kd5 Nf8 54. Kd6 Ke8 55. Bb7 Kd8 56. Bxa6 Nd7 57. e6 Nb8 58. e7+ Ke8 59. Bxb5+ Nd7 60. Bxd7+ 1-0